Изучение некоторых электрофизических и оптических свойств сегнетоэлектриков под действием наносекундных импульсов облучения электронными пучками большой плотности: Промежуточный отчет о НИР; Тема: х/д № 0-58/75; Проблема: 1.3.8

Bibliographic Details
Corporate Author: Томский политехнический институт (ТПИ) (595)
Other Authors: Вайсбурд Д. И. (руководитель), Таванов Э. Г. (исполнитель)
Language:Russian
Published: Томск, 1978
Subjects:
Format: MixedMaterials Book
KOHA link:https://koha.lib.tpu.ru/cgi-bin/koha/opac-detail.pl?biblionumber=176123

MARC

LEADER 00000nbm0a2200000 4500
001 176123
005 20231031165226.0
029 0 0 |a SU  |b 76069245  |f ТПУ 
035 |a (RuTPU)RU\TPU\book\190947 
090 |a 176123 
100 |a 20100224d1978 k y0rusy50 ca 
101 0 |a rus 
102 |a RU 
105 |a a p 001zy 
200 1 |a Изучение некоторых электрофизических и оптических свойств сегнетоэлектриков под действием наносекундных импульсов облучения электронными пучками большой плотности  |e Промежуточный отчет о НИР  |e Тема: х/д № 0-58/75  |e Проблема: 1.3.8  |f Томский политехнический институт (ТПИ) ; руководитель Д. И. Вайсбурд ; Э. Г. Таванов 
210 |a Томск  |d 1978 
215 |a 127 л. 
320 |a Библиогр.: с. 86-88. 
610 1 |a отчеты о НИР 
610 1 |a электронные пучки 
610 1 |a электрофизические свойства 
610 1 |a оптические свойства 
610 1 |a наносекундные импульсы 
610 1 |a сегнетоэлектрики 
610 1 |a облучение 
675 |a 537.346(04)  |v 3 
702 1 |a Вайсбурд  |b Д. И.  |4 673 
702 1 |a Таванов  |b Э. Г.  |4 677 
712 0 2 |a Томский политехнический институт (ТПИ)  |c (1944-1991)  |2 stltpush  |3 (RuTPU)RU\TPU\col\1123  |4 595 
801 1 |a RU  |b 63413507  |c 20100224 
942 |c BK